000 00565nam a22002297a 4500
001 8647
003 FISKH
005 20251007152206.0
008 251007b cb ||||| |||| 00| 0 eng d
020 _a713974080045
020 _a9781931020657
040 _aFISKH
_beng
_cFISKH
_dFISKH
050 _aPZ7
082 _a372.7
100 _aAnonymous
245 _aHooked on Math ;
_bMath activities /
260 _aBaltimore :
_bHOP,
_c2006.
300 _a64 pages :
_bcolor illustrations ;
_c29 cm
650 _aMath
942 _2ddc
_cBK
_n0
999 _c8647
_d8647